00659nam a22001697a 4500003000400000005001700004008004100021040001800062100003400080245013000114260002300244650005800267650002500325650003700350700002700387856007500414OSt20240828093458.0240828b ||||| |||| 00| 0 eng d cAIMIT LIBRARY aShettigar, Anvesh B.e2216023 aStudy on human resource development and employee engagement in SCDCC bank /cBy Anvesh B Shettigar ; Gudied by Rowena Wright. aMangaluru ;c2024. aLiterature review objectives and conceptual framework aResearch methodology aData analysis and interpretation aWright, Rowena.eGuide 3South canara district central co operative bank ltduwww.scdccbank.com